000
00288nam a2200121Ia 4500
008
190216s9999||||xx |||||||||||||| ||und||
100
_a
Sachdeva T N&Amp; Sachadev Sk
245
0
_a
Modern Economic Development
260
_b
Null
_c
1962
300
_a
272p
650
_a
Commerce
942
_c
BK
999
_c
4373
_d
4373